000
00317nam a2200109Ia 4500
008
200302s9999 xx 000 0 und d
100
_a
Anitha Suseelan
245
_a
An Anthology National Urban Design Thesis Seminar 2009 Proceedings
260
_b
Cept Research and Development Unit
260
_c
2010
300
_a
149 P.,
999
_c
3195
_d
3195